[Event "Steinfurt Bezirksliga 1819"]
[Site "Germany"]
[Date "2019.03.16"]
[Round "8.6"]
[White "Thomann, Henning"]
[Black "Huil, Herbert"]
[Result "1/2-1/2"]
[WhiteElo "1460"]
[BlackElo "1189"]
[PlyCount "99"]
[EventDate "2018.09.01"]
[EventType "team-tourn"]
[EventRounds "10"]
[EventCountry "GER"]
[SourceTitle "EXT 2020"]
[Source "ChessBase"]
[SourceDate "2019.10.17"]
[SourceVersion "1"]
[SourceVersionDate "2019.10.17"]
[SourceQuality "1"]
[WhiteTeam "Neuenkirchen"]
[BlackTeam "Ibbenbueren II"]
[WhiteTeamCountry "GER"]
[BlackTeamCountry "GER"]

1. d4 Nf6 2. c4 d5 3. Nc3 c6 4. cxd5 Nxd5 5. e4 Nf6 6. h3 e6 7. Nf3 Be7 8. Bg5 0-0 9. Bd3 Nbd7 10. Qe2 Nh5 11. Be3 f5 12. exf5 exf5 13. Bxf5 Nhf6 14. Be6+ Kh8 15. 0-0 Bd6 16. Bg5 Nb6 17. Bb3 Qe7 18. Bxf6 Rxf6 19. Rae1 Qf8 20. Ng5 Bf5 21. Qd1 Bg6 22. Nce4 Rf5 23. Nxd6 Qxd6 24. Nf3 Raf8 25. Re3 Nd5 26. Bxd5 Qxd5 27. Nh4 Rg5 28. Re5 Rxe5 29. Nxg6+ hxg6 30. dxe5 Qxe5 31. Qd2 Re8 32. Rd1 Qe2 33. Qd4 Qe5 34. Qh4+ Qh5 35. Qxh5+ gxh5 36. Rd7 Rb8 37. g4 h4 38. f4 a5 39. Kf2 b5 40. Ke3 Re8+ 41. Kd2 Re4 42. f5 a4 43. Rd6 Rc4 44. b3 axb3 45. axb3 Rc5 46. Rd3 Kg8 47. Rc3 Rd5+ 48. Rd3 Rc5 49. Rc3 Rd5+ 50. Rd3 1/2-1/2